Human Resource Management / (Record no. 218181)
[ view plain ]
| 000 -LEADER | |
|---|---|
| fixed length control field | 01090 a2200229 4500 |
| 003 - CONTROL NUMBER IDENTIFIER | |
| control field | Nust |
| 005 - DATE AND TIME OF LATEST TRANSACTION | |
| control field | 20230908115826.0 |
| 020 ## - INTERNATIONAL STANDARD BOOK NUMBER | |
| Terms of availability | 9780273786634 (paperback) |
| 035 ## - SYSTEM CONTROL NUMBER | |
| System control number | DAW26579669 |
| 040 ## - CATALOGING SOURCE | |
| Transcribing agency | Nust |
| 082 00 - DEWEY DECIMAL CLASSIFICATION NUMBER | |
| Classification number | 658.3,TOR |
| 100 1# - MAIN ENTRY--PERSONAL NAME | |
| Personal name | Torrington, Derek, |
| 9 (RLIN) | 99655 |
| 245 10 - TITLE STATEMENT | |
| Title | Human Resource Management / |
| Statement of responsibility, etc. | Derek Torrington, Laura Hall Strphen Taylor, Carol Atkinson |
| 250 ## - EDITION STATEMENT | |
| Edition statement | Ninth edition. |
| 260 ## - PUBLICATION, DISTRIBUTION, ETC. | |
| Date of publication, distribution, etc. | 2014 |
| 300 ## - PHYSICAL DESCRIPTION | |
| Extent | xxi, 673 pages : |
| Other physical details | illustrations ; |
| Dimensions | 27 cm. |
| 505 ## - FORMATTED CONTENTS NOTE | |
| Formatted contents note | Part-1 Human Resource Management in Changing Times (Page-02), Part-2 Resourcing: getting people in the right places to do the right things (Page-88), Part-3 Performance: success through individual and collective achievement (Page-192), Part-4 Development (Page-252), Part-5 Employee Relations (Page-332), Part-6 Reward: The Contract for payment (Page-410), Part-7 Contemporary Issues (Page-470), Part-8 A Miscellany of HR Skills (Page-550). |
| 650 #0 - SUBJECT ADDED ENTRY--TOPICAL TERM | |
| Topical term or geographic name entry element | Personaladministration |
| 9 (RLIN) | 99656 |
| 650 #0 - SUBJECT ADDED ENTRY--TOPICAL TERM | |
| Topical term or geographic name entry element | Personnel management |
| 650 #0 - SUBJECT ADDED ENTRY--TOPICAL TERM | |
| Topical term or geographic name entry element | Personnel management. |
| 9 (RLIN) | 114491 |
| 942 ## - ADDED ENTRY ELEMENTS (KOHA) | |
| Source of classification or shelving scheme | |
| Koha item type | Reference |
| Withdrawn status | Lost status | Source of classification or shelving scheme | Damaged status | Not for loan | Permanent Location | Current Location | Shelving location | Date acquired | Full call number | Barcode | Date last seen | Price effective from | Koha item type | Public note |
|---|---|---|---|---|---|---|---|---|---|---|---|---|---|---|
| Military College of Signals (MCS) | Military College of Signals (MCS) | Reference | 12/12/2016 | 658.3,TOR | MCS37479 | 12/08/2016 | 12/12/2016 | Reference | Almirah No.24, Shelf No.5 |
